000 00608cam a22002291 4500
001 sa 68016723
003 DLC
005 20260227112657.0
008 720921s1967 xx 000 0 ind
010 _asa 68016723
035 _a(OCoLC)412153
040 _aDLC
_cOAU
_dDLC
042 _apremarc
050 0 0 _aBP180
_b.A76 1967
100 2 _aAsh Shiddieqy, M. Hasbi,
_cT.,
_d1906-
245 1 0 _aPedoman zakat
_c[oleh] M. Hasbi Ash-Shiddieqy.
250 _aTjet. 2.
260 _aDjakarta,
_bBulan Bintang,
_c1967.
300 _a234 p.
_c22 cm.
504 _aIncludes bibliographies.
650 0 _aZakat.
999 _c87269
_d87269